[Event "35.Böblinger Open"]
[Site "Böblingen"]
[Date "2018.12.29"]
[Round "5.7"]
[White "Mu, Ke"]
[Black "Ruff, Maximilian"]
[Result "0-1"]
[WhiteElo "2431"]
[BlackElo "2306"]
[PlyCount "90"]
[EventDate "2018.12.26"]
[EventType "swiss"]
[EventRounds "9"]
[EventCountry "GER"]
[SourceVersionDate "2018.12.27"]

{[%evp 0,54,19,28,51,27,45,21,22,33,54,35,35,41,41,24,53,46,113,91,135,63,67,
-14,14,-29,-30,-17,-22,-27,-5,-7,-8,-49,-36,-45,-48,-39,-43,-76,-79,-97,-54,
-107,-105,-107,-65,-64,-57,-45,-16,-64,-39,-117,-61,-409,-409]} 1. d4 Nf6 2. c4
c5 3. d5 b5 4. cxb5 a6 5. bxa6 g6 6. Nc3 Bg7 7. g3 d6 8. Bg2 O-O 9. Nf3 Nbd7
10. O-O Nb6 11. Re1 Bxa6 12. e4 Nc4 13. h3 Nd7 14. Nd2 Nde5 15. Bf1 Qa5 16. Nb3
Qb4 17. f4 Nd7 18. Qc2 Rfb8 19. Kh2 Na3 20. Qd1 Bxf1 21. Rxf1 Bxc3 22. bxc3
Qxe4 23. Bxa3 Rxa3 24. Re1 Qc4 25. Rxe7 Nf6 26. Re3 Rba8 27. Qd2 Nxd5 28. Rf3
Nf6 29. Re3 d5 30. Qb2 Ne4 31. Kg2 Qa4 32. Nc1 Qd1 33. Rd3 Qe1 34. Qe2 Qxe2+
35. Nxe2 Rxa2 36. Rxa2 Rxa2 37. Kf3 Kg7 38. f5 c4 39. Rd4 Rc2 40. fxg6 hxg6 41.
h4 Kf6 42. h5 gxh5 43. Nf4 Rxc3+ 44. Ke2 Nxg3+ 45. Kd2 Rf3 0-1

[Event "35.Böblinger Open"]
[Site "Böblingen"]
[Date "2018.12.29"]
[Round "6.1"]
[White "Ma, Qun"]
[Black "Dann, Matthias"]
[Result "1-0"]
[WhiteElo "2620"]
[BlackElo "2539"]
[PlyCount "93"]
[EventDate "2018.12.26"]
[EventType "swiss"]
[EventRounds "9"]
[EventCountry "GER"]
[SourceVersionDate "2018.12.27"]

{[%evp 0,54,19,28,51,27,45,21,22,33,54,35,35,41,41,24,53,46,113,91,135,63,67,
-14,14,-29,-30,-17,-22,-27,-5,-7,-8,-49,-36,-45,-48,-39,-43,-76,-79,-97,-54,
-107,-105,-107,-65,-64,-57,-45,-16,-64,-39,-117,-61,-409,-409]} 1. d4 Nf6 2. c4
e6 3. g3 c5 4. d5 exd5 5. cxd5 d6 6. Nc3 g6 7. Bg2 Bg7 8. Nf3 O-O 9. O-O Re8
10. Re1 Ne4 11. Nxe4 Rxe4 12. Qc2 Re8 13. Bf4 Qe7 14. e4 Nd7 15. a4 Rb8 16. Bd2
b6 17. Bc3 Bxc3 18. Qxc3 f6 19. Nd2 Ne5 20. f4 Nf7 21. Nc4 Bd7 22. Ne3 Kg7 23.
Bf3 a6 24. b3 Rb7 25. Kf2 Reb8 26. h4 b5 27. a5 b4 28. Qb2 Rf8 29. h5 Rbb8 30.
Rh1 Rbe8 31. Rae1 g5 32. h6+ Nxh6 33. fxg5 Ng8 34. Nf5+ Bxf5 35. exf5 Qa7 36.
Kg2 Re5 37. Rxe5 dxe5 38. gxf6+ Kxf6 39. d6 Qd7 40. Qd2 Kg7 41. g4 Kh8 42. Qd5
Re8 43. Qc6 Nf6 44. Qxd7 Nxd7 45. Bc6 Rd8 46. Bxd7 Rxd7 47. Rd1 1-0

[Event "35.Böblinger Open"]
[Site "Böblingen"]
[Date "2018.12.29"]
[Round "6.3"]
[White "Zuferi, Enis"]
[Black "Noe, Christopher"]
[Result "0-1"]
[WhiteElo "2349"]
[BlackElo "2532"]
[PlyCount "180"]
[EventDate "2018.12.26"]
[EventType "swiss"]
[EventRounds "9"]
[EventCountry "GER"]
[SourceVersionDate "2018.12.27"]

{[%evp 0,54,19,28,51,27,45,21,22,33,54,35,35,41,41,24,53,46,113,91,135,63,67,
-14,14,-29,-30,-17,-22,-27,-5,-7,-8,-49,-36,-45,-48,-39,-43,-76,-79,-97,-54,
-107,-105,-107,-65,-64,-57,-45,-16,-64,-39,-117,-61,-409,-409]} 1. d4 d5 2. c4
e6 3. Nc3 Be7 4. Nf3 Nf6 5. Bf4 O-O 6. e3 c6 7. c5 Nh5 8. Be2 Nd7 9. O-O f6 10.
b4 Nxf4 11. exf4 Qc7 12. Qd2 e5 13. Rae1 Kh8 14. Bd3 e4 15. Nxe4 dxe4 16. Rxe4
Re8 17. f5 Ne5 18. dxe5 Bxf5 19. Rf4 Bxd3 20. Qxd3 Rad8 21. Qc4 fxe5 22. Rf7
Qc8 23. Nxe5 Bf6 24. f4 Rd5 25. Qc3 Kg8 26. Qg3 Rf8 27. Rxf8+ Qxf8 28. Qb3 Bxe5
29. fxe5 Qe7 30. Re1 Qh4 31. Qc3 Rd3 32. Qc1 Qd4+ 33. Kh1 Rd2 34. Qb1 Qd5 35.
Rg1 Qxe5 36. Qb3+ Qd5 37. Qe3 h6 38. Qg3 Kh7 39. Qb8 Rxa2 40. Qxb7 Rb2 41. Qxa7
Rxb4 42. Qa3 Rc4 43. h3 Rxc5 44. Rc1 Rxc1+ 45. Qxc1 c5 46. Qb1+ Kg8 47. Qb8+
Kh7 48. Qb1+ Kh8 49. Qb8+ Qg8 50. Qc7 c4 51. Qc6 Qf7 52. Qa8+ Kh7 53. Qe4+ g6
54. Qc6 Qf1+ 55. Kh2 Qf4+ 56. Kh1 Qd4 57. Qc7+ Kg8 58. Qc8+ Kf7 59. Qc7+ Kf6
60. Qh7 Qa1+ 61. Kh2 Qe5+ 62. Kh1 c3 63. Qh8+ Kf5 64. Qxh6 Qg3 65. Qf8+ Ke4 66.
Qb4+ Kd3 67. Qb5+ Kd2 68. Qb4 Qe1+ 69. Kh2 Qe5+ 70. Kh1 g5 71. Kg1 Kc1 72. Qa3+
Kd1 73. Qb3+ c2 74. Qd3+ Kc1 75. Qa3+ Kd2 76. Qb4+ Kd3 77. Qb3+ Qc3 78. Qb5+
Kd2 79. Qd5+ Qd3 80. Qa5+ Kd1 81. Qa4 Qe3+ 82. Kh1 Qe1+ 83. Kh2 Qe5+ 84. Kh1
Qe1+ 85. Kh2 Qe3 86. Kh1 Qf4 87. Qd7+ Ke1 88. Qe6+ Kf2 89. Qb6+ Qe3 90. Qf6+
Ke1 0-1

[Event "35.Böblinger Open"]
[Site "Böblingen"]
[Date "2018.12.29"]
[Round "6.4"]
[White "Ruff, Maximilian"]
[Black "Annaberdiev, Meilis"]
[Result "0-1"]
[WhiteElo "2306"]
[BlackElo "2513"]
[PlyCount "134"]
[EventDate "2018.12.26"]
[EventType "swiss"]
[EventRounds "9"]
[EventCountry "GER"]
[SourceVersionDate "2018.12.27"]

{[%evp 0,54,19,28,51,27,45,21,22,33,54,35,35,41,41,24,53,46,113,91,135,63,67,
-14,14,-29,-30,-17,-22,-27,-5,-7,-8,-49,-36,-45,-48,-39,-43,-76,-79,-97,-54,
-107,-105,-107,-65,-64,-57,-45,-16,-64,-39,-117,-61,-409,-409]} 1. d4 Nf6 2. c4
e6 3. Nc3 Bb4 4. Qc2 O-O 5. Nf3 d5 6. cxd5 exd5 7. Bf4 c5 8. dxc5 Qa5 9. Rc1
Ne4 10. e3 Nd7 11. Bd3 Ndxc5 12. O-O Bxc3 13. bxc3 b6 14. Be2 Ba6 15. Nd4 Ne6
16. Nc6 Nxf4 17. exf4 Qc5 18. Bxa6 Qxc6 19. Bd3 Nf6 20. Rfe1 Qd6 21. Qa4 Rfe8
22. g3 Re7 23. Qd4 Rae8 24. Rxe7 Rxe7 25. c4 Rc7 26. Rd1 Qc5 27. Be2 Qxd4 28.
Rxd4 Rd7 29. Bf3 dxc4 30. Rxc4 Kf8 31. a4 Ne8 32. a5 Rc7 33. Rd4 b5 34. Kg2 Ke7
35. Rd5 a6 36. Re5+ Kd8 37. Rd5+ Rd7 38. Rc5 Nc7 39. Bb7 Rd6 40. h4 h6 41. h5
Kd7 42. Rf5 f6 43. g4 Ne6 44. Kg3 Ke7 45. Be4 Rd1 46. f3 Kd6 47. Bb7 Nd4 48.
Rd5+ Kc7 49. Ba8 Ne2+ 50. Kf2 Rxd5 51. Bxd5 Nxf4 52. Bb3 Nd3+ 53. Ke3 Nc5 54.
Bd5 Kd6 55. Kd4 Ne6+ 56. Ke4 Nd8 57. Ba8 b4 58. Kd4 Nc6+ 59. Kc4 Nxa5+ 60. Kxb4
Nc6+ 61. Kc4 Ne5+ 62. Kd4 a5 63. Bd5 a4 64. Be4 a3 65. Kc3 Kc5 66. Kb3 Kd4 67.
Kxa3 Nxg4 0-1

[Event "35.Böblinger Open"]
[Site "Böblingen"]
[Date "2018.12.29"]
[Round "6.5"]
[White "Stets, Dmitry"]
[Black "Mütsch, Annmarie"]
[Result "1-0"]
[WhiteElo "2374"]
[BlackElo "2306"]
[PlyCount "77"]
[EventDate "2018.12.26"]
[EventType "swiss"]
[EventRounds "9"]
[EventCountry "GER"]
[SourceVersionDate "2018.12.27"]

{[%evp 0,54,19,28,51,27,45,21,22,33,54,35,35,41,41,24,53,46,113,91,135,63,67,
-14,14,-29,-30,-17,-22,-27,-5,-7,-8,-49,-36,-45,-48,-39,-43,-76,-79,-97,-54,
-107,-105,-107,-65,-64,-57,-45,-16,-64,-39,-117,-61,-409,-409]} 1. e4 c5 2. Nc3
Nc6 3. Nge2 g6 4. d4 cxd4 5. Nxd4 Bg7 6. Be3 Nf6 7. Bc4 O-O 8. Bb3 Re8 9. O-O
d6 10. h3 Na5 11. Qd3 b6 12. Bd5 Nxd5 13. exd5 e5 14. dxe6 fxe6 15. Rad1 d5 16.
f4 Nc4 17. Bc1 Bd7 18. Rfe1 Qc8 19. Nce2 b5 20. c3 Rb8 21. a3 a5 22. Nc2 Bf8
23. b3 Nd6 24. Be3 a4 25. b4 Nc4 26. Bd4 Bd6 27. Qg3 Rf8 28. Ne3 Nxe3 29. Qxe3
Qc7 30. Rf1 Rbc8 31. Rf3 Qc4 32. Nc1 Rf5 33. Rdf1 Rcf8 34. Nd3 Rc8 35. g4 Rf7
36. Ne5 Bxe5 37. Qxe5 Kf8 38. f5 gxf5 39. gxf5 1-0

[Event "35.Böblinger Open"]
[Site "Böblingen"]
[Date "2018.12.29"]
[Round "6.7"]
[White "Ochsner, Bjørn Møller"]
[Black "Junesch, Gerhard"]
[Result "1-0"]
[WhiteElo "2457"]
[BlackElo "2307"]
[PlyCount "47"]
[EventDate "2018.12.26"]
[EventType "swiss"]
[EventRounds "9"]
[EventCountry "GER"]
[SourceVersionDate "2018.12.27"]

{[%evp 0,54,19,28,51,27,45,21,22,33,54,35,35,41,41,24,53,46,113,91,135,63,67,
-14,14,-29,-30,-17,-22,-27,-5,-7,-8,-49,-36,-45,-48,-39,-43,-76,-79,-97,-54,
-107,-105,-107,-65,-64,-57,-45,-16,-64,-39,-117,-61,-409,-409]} 1. e4 c6 2. d4
d5 3. e5 Bf5 4. h4 h5 5. Bd3 Bxd3 6. Qxd3 Qa5+ 7. Nd2 e6 8. Ngf3 Qa6 9. c4 Nh6
10. O-O Nf5 11. b3 Be7 12. a4 Nxh4 13. Nxh4 Bxh4 14. Ba3 Nd7 15. b4 Qb6 16. b5
Qd8 17. a5 a6 18. cxd5 cxd5 19. b6 Be7 20. Rfc1 O-O 21. Rc7 Rb8 22. Rac1 g6 23.
Rxd7 Qxd7 24. Rc7 1-0

[Event "35.Böblinger Open"]
[Site "Böblingen"]
[Date "2018.12.29"]
[Round "6.10"]
[White "Fischer, Sebastian"]
[Black "Rosner, Jonas"]
[Result "1/2-1/2"]
[WhiteElo "2288"]
[BlackElo "2424"]
[PlyCount "107"]
[EventDate "2018.12.26"]
[EventType "swiss"]
[EventRounds "9"]
[EventCountry "GER"]
[SourceVersionDate "2018.12.27"]

{[%evp 0,54,19,28,51,27,45,21,22,33,54,35,35,41,41,24,53,46,113,91,135,63,67,
-14,14,-29,-30,-17,-22,-27,-5,-7,-8,-49,-36,-45,-48,-39,-43,-76,-79,-97,-54,
-107,-105,-107,-65,-64,-57,-45,-16,-64,-39,-117,-61,-409,-409]} 1. d4 d5 2. Bf4
c5 3. e3 cxd4 4. exd4 Nc6 5. c3 Bf5 6. Nd2 e6 7. Ngf3 Bd6 8. Bxd6 Qxd6 9. Bb5
Nge7 10. Nh4 Bg6 11. g3 O-O 12. Nxg6 Nxg6 13. Bd3 e5 14. Bxg6 fxg6 15. dxe5
Qxe5+ 16. Qe2 Rae8 17. Qxe5 Rxe5+ 18. Kf1 Ref5 19. f3 Ne5 20. Kg2 Nxf3 21. Nxf3
Rxf3 22. Raf1 Rxf1 23. Rxf1 Rxf1 24. Kxf1 Kf7 25. Ke2 Ke6 26. Kd3 Ke5 27. a4 b6
28. b4 a6 29. Ke3 g5 30. Kd3 h5 31. Ke3 Ke6 32. Kd3 Kd6 33. Kd4 Ke6 34. Kd3 Ke5
35. Ke3 b5 36. axb5 axb5 37. Kd3 h4 38. Ke3 Kf5 39. Kf3 Kf6 40. Ke3 Ke5 41. Kd3
Kf5 42. Kd4 Kg4 43. gxh4 gxh4 44. Kxd5 Kh3 45. c4 bxc4 46. Kxc4 Kxh2 47. b5 Kg1
48. b6 h3 49. b7 h2 50. b8=Q h1=Q 51. Qa7+ Kh2 52. Qxg7 Qc1+ 53. Qc3 Qxc3+ 54.
Kxc3 1/2-1/2

[Event "35.Böblinger Open"]
[Site "Böblingen"]
[Date "2018.12.29"]
[Round "6.12"]
[White "Nazarenus, Moritz"]
[Black "Gschnitzer, Adrian"]
[Result "0-1"]
[WhiteElo "2270"]
[BlackElo "2374"]
[PlyCount "40"]
[EventDate "2018.12.26"]
[EventType "swiss"]
[EventRounds "9"]
[EventCountry "GER"]
[SourceVersionDate "2018.12.27"]

{[%evp 0,54,19,28,51,27,45,21,22,33,54,35,35,41,41,24,53,46,113,91,135,63,67,
-14,14,-29,-30,-17,-22,-27,-5,-7,-8,-49,-36,-45,-48,-39,-43,-76,-79,-97,-54,
-107,-105,-107,-65,-64,-57,-45,-16,-64,-39,-117,-61,-409,-409]} 1. d4 Nf6 2. c4
c5 3. d5 b5 4. cxb5 a6 5. bxa6 g6 6. Nc3 Bg7 7. e4 O-O 8. a7 Rxa7 9. Nf3 e6 10.
Be2 exd5 11. exd5 d6 12. O-O Re8 13. Nd2 Nbd7 14. Nb5 Ba6 15. Nxa7 Bxe2 16. Qb3
Bxf1 17. Nxf1 Re1 18. Nb5 Qe8 19. Nc3 Ng4 20. Qc4 Bd4 0-1

[Event "35.Böblinger Open"]
[Site "Böblingen"]
[Date "2018.12.29"]
[Round "7.2"]
[White "Mons, Leon"]
[Black "Annaberdiev, Meilis"]
[Result "1/2-1/2"]
[WhiteElo "2535"]
[BlackElo "2513"]
[PlyCount "101"]
[EventDate "2018.12.26"]
[EventType "swiss"]
[EventRounds "9"]
[EventCountry "GER"]
[SourceVersionDate "2018.12.27"]

{[%evp 0,54,19,28,51,27,45,21,22,33,54,35,35,41,41,24,53,46,113,91,135,63,67,
-14,14,-29,-30,-17,-22,-27,-5,-7,-8,-49,-36,-45,-48,-39,-43,-76,-79,-97,-54,
-107,-105,-107,-65,-64,-57,-45,-16,-64,-39,-117,-61,-409,-409]} 1. d4 Nf6 2. c4
e6 3. Nc3 Bb4 4. Qc2 O-O 5. Nf3 d5 6. cxd5 exd5 7. Bf4 c5 8. dxc5 Qa5 9. e3 Ne4
10. Bd3 Bxc3+ 11. bxc3 Nd7 12. c6 bxc6 13. Nd4 Ba6 14. Nxc6 Bxd3 15. Qxd3 Ndc5
16. Nxa5 Nxd3+ 17. Ke2 Nxf4+ 18. exf4 Rfe8 19. Rhe1 Rac8 20. f3 Nxc3+ 21. Kd2
Rxe1 22. Rxe1 Nxa2 23. Nc6 Kf8 24. Nxa7 Rc4 25. Nb5 Rxf4 26. Nc7 Rd4+ 27. Ke3
Nb4 28. Kxd4 Nc2+ 29. Kxd5 Nxe1 30. g3 Nxf3 31. h4 h5 32. Ke4 Nh2 33. Nd5 Ng4
34. Nf4 g6 35. Nh3 Ke7 36. Ng5 Nh6 37. Kf3 Nf5 38. Nh3 Nh6 39. Ke4 Nf5 40. Kf3
Kf6 41. Kf4 Nd4 42. Nf2 Ke6 43. Ke4 Nb5 44. Nh3 Nc3+ 45. Kf4 Kd5 46. Ng5 Ne2+
47. Kf3 Nd4+ 48. Ke3 f6 49. Nh3 Ne6 50. Nf4+ Nxf4 51. gxf4 1/2-1/2

[Event "35.Böblinger Open"]
[Site "Böblingen"]
[Date "2018.12.29"]
[Round "7.3"]
[White "Noe, Christopher"]
[Black "Stets, Dmitry"]
[Result "1/2-1/2"]
[WhiteElo "2532"]
[BlackElo "2374"]
[PlyCount "116"]
[EventDate "2018.12.26"]
[EventType "swiss"]
[EventRounds "9"]
[EventCountry "GER"]
[SourceVersionDate "2018.12.27"]

{[%evp 0,54,19,28,51,27,45,21,22,33,54,35,35,41,41,24,53,46,113,91,135,63,67,
-14,14,-29,-30,-17,-22,-27,-5,-7,-8,-49,-36,-45,-48,-39,-43,-76,-79,-97,-54,
-107,-105,-107,-65,-64,-57,-45,-16,-64,-39,-117,-61,-409,-409]} 1. c4 Nf6 2.
Nc3 g6 3. e4 d6 4. d4 Bg7 5. f3 O-O 6. Be3 Nc6 7. Nge2 a6 8. Nc1 e5 9. d5 Nd4
10. Nb3 Nxb3 11. axb3 Ne8 12. Qd2 f5 13. Bd3 Nf6 14. O-O-O b5 15. h3 bxc4 16.
bxc4 f4 17. Bf2 Bd7 18. Kc2 Qb8 19. b4 c6 20. Ra1 cxd5 21. cxd5 Rc8 22. Rhb1
Qb7 23. Kd1 Ne8 24. b5 axb5 25. Rxa8 Qxa8 26. Nxb5 Bf6 27. Na7 Rc7 28. Qa5 Bd8
29. Qa6 Kf8 30. Kd2 Bc8 31. Qa1 Bd7 32. Qa6 Bc8 33. Qa1 Bd7 34. Bb5 Bxb5 35.
Rxb5 Rb7 36. Qa6 Rxb5 37. Qxb5 Bc7 38. Ke2 Qb8 39. Qxb8 Bxb8 40. Nc6 Bc7 41.
Kd3 g5 42. Kc4 Nf6 43. Kb5 Ke8 44. Ka6 Kd7 45. Kb7 Ng8 46. Ba7 Nf6 47. Bb8 Bxb8
48. Nxb8+ Kd8 49. Kc6 Ne8 50. Nd7 Ke7 51. Nb6 Kd8 52. Nc4 Ke7 53. Kb7 Kd8 54.
Kc6 Ke7 55. Na3 Kd8 56. Nb5 Ke7 57. Nc7 Ng7 58. Kb7 Kd8 1/2-1/2

[Event "35.Böblinger Open"]
[Site "Böblingen"]
[Date "2018.12.29"]
[Round "7.5"]
[White "Miller, Eduard"]
[Black "Ochsner, Bjørn Møller"]
[Result "0-1"]
[WhiteElo "2371"]
[BlackElo "2457"]
[PlyCount "80"]
[EventDate "2018.12.26"]
[EventType "swiss"]
[EventRounds "9"]
[EventCountry "GER"]
[SourceVersionDate "2018.12.27"]

{[%evp 0,54,19,28,51,27,45,21,22,33,54,35,35,41,41,24,53,46,113,91,135,63,67,
-14,14,-29,-30,-17,-22,-27,-5,-7,-8,-49,-36,-45,-48,-39,-43,-76,-79,-97,-54,
-107,-105,-107,-65,-64,-57,-45,-16,-64,-39,-117,-61,-409,-409]} 1. Nf3 c5 2. g3
Nc6 3. Bg2 g6 4. O-O Bg7 5. e4 e5 6. c3 Nge7 7. a3 d6 8. b4 a6 9. d3 O-O 10.
Nbd2 h6 11. Nb3 b6 12. Bb2 Bb7 13. Qd2 Qd7 14. d4 c4 15. d5 cxb3 16. dxc6 Bxc6
17. Rfd1 Rfd8 18. Qe2 Qb7 19. Nd2 d5 20. exd5 Nxd5 21. Qf1 e4 22. Nxe4 Nf4 23.
gxf4 Bxe4 24. Re1 Re8 25. f3 Bc2 26. Rxe8+ Rxe8 27. Re1 Rd8 28. Qf2 Qc7 29. Qe3
Kh7 30. Bf1 b5 31. Kg2 Rc8 32. Qc5 Qxc5 33. bxc5 Rxc5 34. Re3 Rd5 35. Kf2 a5
36. Be2 b4 37. axb4 axb4 38. Bc4 Rc5 39. Bxf7 bxc3 40. Re8 Bd4+ 0-1

[Event "35.Böblinger Open"]
[Site "Böblingen"]
[Date "2018.12.29"]
[Round "7.7"]
[White "Gschnitzer, Adrian"]
[Black "Schulz, Lukas"]
[Result "1-0"]
[WhiteElo "2374"]
[BlackElo "2317"]
[PlyCount "69"]
[EventDate "2018.12.26"]
[EventType "swiss"]
[EventRounds "9"]
[EventCountry "GER"]
[SourceVersionDate "2018.12.27"]

{[%evp 0,54,19,28,51,27,45,21,22,33,54,35,35,41,41,24,53,46,113,91,135,63,67,
-14,14,-29,-30,-17,-22,-27,-5,-7,-8,-49,-36,-45,-48,-39,-43,-76,-79,-97,-54,
-107,-105,-107,-65,-64,-57,-45,-16,-64,-39,-117,-61,-409,-409]} 1. e4 c5 2. Nf3
Nc6 3. d4 cxd4 4. Nxd4 Nf6 5. Nc3 e5 6. Ndb5 d6 7. Bg5 a6 8. Na3 b5 9. Nd5 Be7
10. Bxf6 Bxf6 11. c3 O-O 12. Nc2 Bg5 13. a4 bxa4 14. Rxa4 a5 15. Bc4 Kh8 16.
O-O f5 17. exf5 Bxf5 18. Nce3 Bd7 19. Ra2 Be6 20. Qd3 Rc8 21. Rd1 Bh6 22. b3
Bf7 23. Qe2 Bg6 24. Ba6 Rb8 25. Bb5 Be8 26. Bd3 Qg5 27. Qc2 Bh5 28. Rf1 Rbe8
29. Ra4 Rf4 30. Bb5 Rc8 31. Bxc6 Rxc6 32. Nxf4 exf4 33. Qf5 g6 34. Qxg5 Bxg5
35. Nd5 1-0

[Event "35.Böblinger Open"]
[Site "Böblingen"]
[Date "2018.12.29"]
[Round "7.9"]
[White "Andersen, Mads"]
[Black "Arnold, Max"]
[Result "1/2-1/2"]
[WhiteElo "2605"]
[BlackElo "2311"]
[PlyCount "90"]
[EventDate "2018.12.26"]
[EventType "swiss"]
[EventRounds "9"]
[EventCountry "GER"]
[SourceVersionDate "2018.12.27"]

{[%evp 0,54,19,28,51,27,45,21,22,33,54,35,35,41,41,24,53,46,113,91,135,63,67,
-14,14,-29,-30,-17,-22,-27,-5,-7,-8,-49,-36,-45,-48,-39,-43,-76,-79,-97,-54,
-107,-105,-107,-65,-64,-57,-45,-16,-64,-39,-117,-61,-409,-409]} 1. c4 e5 2. Nc3
Bb4 3. Nd5 Bc5 4. Nf3 c6 5. Nc3 d6 6. e3 Qe7 7. d4 exd4 8. Nxd4 Nf6 9. a3 Bb6
10. Be2 O-O 11. O-O d5 12. cxd5 cxd5 13. b4 Nc6 14. Nxc6 bxc6 15. Bb2 Rd8 16.
Na4 Bc7 17. Qd4 Rb8 18. Rac1 a5 19. Nc5 axb4 20. axb4 Bd6 21. Rfd1 Ne8 22. g3
Qf6 23. Qd2 Qg6 24. Nd3 Bd7 25. Bd4 Nf6 26. Qb2 Ne4 27. Ne5 Qh6 28. Nxd7 Rxb4
29. Qc2 Nxf2 30. Qxc6 Rxd4 31. Rxd4 Qxe3 32. Qc3 Nd3+ 33. Kh1 Qxc1+ 34. Qxc1
Nxc1 35. Bb5 Nb3 36. Rxd5 Be7 37. Bc4 Na5 38. Rxa5 Rxd7 39. Rd5 Rc7 40. Bb5 Kf8
41. Rd2 h5 42. Kg2 g6 43. Be2 Bg5 44. Ra2 Kg7 45. Bf3 Bf6 1/2-1/2

[Event "35.Böblinger Open"]
[Site "Böblingen"]
[Date "2018.12.29"]
[Round "7.10"]
[White "Mütsch, Annmarie"]
[Black "Mu, Ke"]
[Result "1-0"]
[WhiteElo "2306"]
[BlackElo "2431"]
[PlyCount "75"]
[EventDate "2018.12.26"]
[EventType "swiss"]
[EventRounds "9"]
[EventCountry "GER"]
[SourceVersionDate "2018.12.27"]

{[%evp 0,54,19,28,51,27,45,21,22,33,54,35,35,41,41,24,53,46,113,91,135,63,67,
-14,14,-29,-30,-17,-22,-27,-5,-7,-8,-49,-36,-45,-48,-39,-43,-76,-79,-97,-54,
-107,-105,-107,-65,-64,-57,-45,-16,-64,-39,-117,-61,-409,-409]} 1. e4 e6 2. d4
d5 3. Nd2 c5 4. exd5 Qxd5 5. Ngf3 cxd4 6. Bc4 Qd8 7. O-O Nc6 8. Nb3 a6 9. Nbxd4
Nxd4 10. Nxd4 Qc7 11. Qe2 Bd6 12. h3 Ne7 13. c3 O-O 14. Re1 Ng6 15. Bd3 Bd7 16.
Qh5 Bh2+ 17. Kh1 Bf4 18. Nf3 f5 19. Bc2 Rae8 20. Bxf4 Nxf4 21. Qh4 Bc6 22. Qg3
Rf6 23. Re5 Nh5 24. Qh2 Bxf3 25. gxf3 Qc6 26. Re3 e5 27. Rae1 Nf4 28. Bd1 Qd6
29. Qxf4 exf4 30. Bb3+ Kh8 31. Rxe8+ Rf8 32. R1e6 Qc5 33. R6e7 h5 34. Rxf8+ Kh7
35. Rff7 Qxf2 36. Rxg7+ Kh6 37. Rg2 Qxf3 38. Bg8 1-0

[Event "35.Böblinger Open"]
[Site "Böblingen"]
[Date "2018.12.29"]
[Round "7.115"]
[White "Doll, Stefan"]
[Black "Seitz, Patrick"]
[Result "0-1"]
[WhiteElo "2178"]
[BlackElo "2007"]
[PlyCount "52"]
[EventDate "2018.12.26"]
[EventType "swiss"]
[EventRounds "9"]
[EventCountry "GER"]
[SourceVersionDate "2018.12.27"]

{[%evp 0,54,19,28,51,27,45,21,22,33,54,35,35,41,41,24,53,46,113,91,135,63,67,
-14,14,-29,-30,-17,-22,-27,-5,-7,-8,-49,-36,-45,-48,-39,-43,-76,-79,-97,-54,
-107,-105,-107,-65,-64,-57,-45,-16,-64,-39,-117,-61,-409,-409]} 1. e4 c5 2. c3
Nf6 3. e5 Nd5 4. Bc4 Nb6 5. Bb3 c4 6. Bc2 e6 7. Nf3 d5 8. O-O Nc6 9. d4 cxd3
10. Qxd3 Be7 11. Re1 g5 12. a4 Nd7 13. h3 h5 14. Na3 g4 15. Nd4 Ndxe5 16. Qg3
Bd6 17. Bf4 Qf6 18. hxg4 hxg4 19. Re3 Bb8 20. Nab5 Nf3+ 21. Rxf3 gxf3 22. Bxb8
Qh6 23. Nd6+ Kf8 24. Qh3 Qxh3 25. gxh3 Nxd4 26. cxd4 Rxb8 0-1

[Event "35.Böblinger Open"]
[Site "Böblingen"]
[Date "2018.12.30"]
[Round "8.1"]
[White "Ma, Qun"]
[Black "Noe, Christopher"]
[Result "1-0"]
[WhiteElo "2620"]
[BlackElo "2532"]
[PlyCount "83"]
[EventDate "2018.12.26"]
[EventType "swiss"]
[EventRounds "9"]
[EventCountry "GER"]
[SourceVersionDate "2018.12.27"]

{[%evp 0,54,19,28,51,27,45,21,22,33,54,35,35,41,41,24,53,46,113,91,135,63,67,
-14,14,-29,-30,-17,-22,-27,-5,-7,-8,-49,-36,-45,-48,-39,-43,-76,-79,-97,-54,
-107,-105,-107,-65,-64,-57,-45,-16,-64,-39,-117,-61,-409,-409]} 1. e4 e5 2. Nf3
Nc6 3. Bb5 a6 4. Ba4 Nge7 5. c3 g6 6. d4 exd4 7. cxd4 b5 8. Bc2 Bg7 9. h3 O-O
10. Nc3 d6 11. O-O Na5 12. Bg5 h6 13. Bh4 g5 14. Bg3 Nc4 15. b3 Na3 16. Bd3 f5
17. exf5 Bxf5 18. Ne4 Nd5 19. Qd2 a5 20. Nc3 Bxd3 21. Qxd3 Nxc3 22. Qxc3 c5 23.
Rad1 a4 24. Qc1 axb3 25. axb3 c4 26. Qc3 Qd7 27. b4 Ra6 28. Rfe1 Qf5 29. Re2
Rfa8 30. Kh2 Bf8 31. Rde1 Qd3 32. Qc1 d5 33. Ne5 Qf5 34. f4 Bxb4 35. Rf1 Rf8
36. Ref2 g4 37. hxg4 Qe4 38. f5 Be7 39. Ng6 Rxg6 40. fxg6 Qxg6 41. Rxf8+ Bxf8
42. Rxf8+ 1-0

[Event "35.Böblinger Open"]
[Site "Böblingen"]
[Date "2018.12.30"]
[Round "8.2"]
[White "Ochsner, Bjørn Møller"]
[Black "Mons, Leon"]
[Result "1-0"]
[WhiteElo "2457"]
[BlackElo "2535"]
[PlyCount "161"]
[EventDate "2018.12.26"]
[EventType "swiss"]
[EventRounds "9"]
[EventCountry "GER"]
[SourceVersionDate "2018.12.27"]

{[%evp 0,54,19,28,51,27,45,21,22,33,54,35,35,41,41,24,53,46,113,91,135,63,67,
-14,14,-29,-30,-17,-22,-27,-5,-7,-8,-49,-36,-45,-48,-39,-43,-76,-79,-97,-54,
-107,-105,-107,-65,-64,-57,-45,-16,-64,-39,-117,-61,-409,-409]} 1. e4 e5 2. Nf3
Nc6 3. Bb5 g6 4. O-O Bg7 5. c3 a6 6. Bc4 d6 7. d4 b5 8. Bb3 exd4 9. a4 Bb7 10.
axb5 axb5 11. Rxa8 Bxa8 12. cxd4 Nge7 13. Na3 Na5 14. Ba2 O-O 15. b4 Nac6 16.
Qd2 Na7 17. Re1 c6 18. Nc2 Nac8 19. Qf4 d5 20. e5 f6 21. exf6 Bxf6 22. Ng5 Bxg5
23. Qxg5 Nf5 24. Qxd8 Rxd8 25. g4 Nfd6 26. f3 Kf7 27. Kf2 Bb7 28. Bg5 Re8 29.
Rxe8 Nxe8 30. Ne1 Ncd6 31. Nd3 Nc4 32. Bf4 Bc8 33. Ne5+ Nxe5 34. Bxe5 Nf6 35.
Bb1 Nd7 36. Bc7 Nf8 37. Kg3 Ne6 38. Be5 Bd7 39. h4 Bc8 40. Bd3 Nf8 41. Kf4 Ne6+
42. Ke3 Nf8 43. Bd6 Ne6 44. Bf4 Nf8 45. Bh6 Ne6 46. h5 Bd7 47. f4 Nc7 48. hxg6+
hxg6 49. f5 gxf5 50. gxf5 Ne8 51. Kf4 Nd6 52. Bg5 Bc8 53. Bd8 Ne4 54. Ke5 Bd7
55. Bh4 Bc8 56. Be1 Bd7 57. Be2 Bc8 58. Bh5+ Kf8 59. Bg6 Bd7 60. Bh4 Kg7 61.
Bd8 Ng3 62. Kd6 Bxf5 63. Be8 Ne4+ 64. Kxc6 Nc3 65. Bh4 Bd3 66. Be1 Kf8 67. Bd7
Ne4 68. Kb6 Nd6 69. Bc6 Bc4 70. Bg3 Ne4 71. Bh4 Nc3 72. Be1 Ne2 73. Kc5 Nf4 74.
Kd6 Ne2 75. Ke5 Nc1 76. Bd2 Nb3 77. Bg5 Kf7 78. Bxd5+ Bxd5 79. Kxd5 Kg6 80. Be7
Kf7 81. Bc5 1-0